Statistics for IPL 2024 Player of the Match Performers

Click here to take the quiz!

General Stats

  • This quiz has been taken 23 times
    (20 since last reset)
  • The average score is 5 of 7

Answer Stats

Match NumberBatting PerformanceBowling PerformanceTeamPlayer% Correct
1-4/29 (4 overs)Chennai Super KingsMustafizur Rahman
95%
482 (52)-Rajasthan RoyalsSanju Samson
89%
677 (49)-Royal Challengers BengaluruVirat Kohli
89%
263 (47)0/10 (1 over)Punjab KingsSam Curran
74%
751 (23)-Chennai Super KingsShivam Dube
74%
364 (25)2/25 (2 overs)Kolkata Knight RidersAndre Russell
68%
545 (39)-Gujarat TitansSai Sudharsan
58%

Score Distribution

Percentile by Number Answered

Percent of People with Each Score

Your Score History

You have not taken this quiz since the last reset